Tsiviilasjad

Bibliographic Details
Format: Unknown
Language:Estonian
Published: [Estonia] : [s.n.]
Subjects:
Online Access:Acceso restringido

MARC

LEADER 00000ny a22000003n 4500
005 20110512120336.0
008 100413c20009999errur pss 0 a0est d
035 |a 3410 
040 |a BUS  |d vLex 
090 |c 1769  |d 1769 
245 3 0 |a Tsiviilasjad  |h [Recurso electrn̤ico] 
256 |a Servicio en ln̕ea 
260 |a [Estonia] :  |b [s.n.] 
650 0 4 |a Procedimiento civil  |x Publicaciones perid̤icas 
740 0 |a vLex Revista (Servicios en ln̕ea) 
843 |a Electrn̤ica. Abierta 
853 |8 1  |i (year)  |j (month)  |k (day) 
856 4 0 |z Acceso restringido  |u http://vlex.com/account/login_ip?fuente_id=3410  
942 |c REV